Brainwave / (Record no. 81772)

MARC details
000 -LEADER
fixed length control field 00407nas a22001577a 4500
005 - DATE AND TIME OF LATEST TRANSACTION
control field 20140109155052.0
006 - FIXED-LENGTH DATA ELEMENTS--ADDITIONAL MATERIAL CHARACTERISTICS--GENERAL INFORMATION
fixed length control field a|||||r|||| 00| 0
007 - PHYSICAL DESCRIPTION FIXED FIELD--GENERAL INFORMATION
fixed length control field ta
008 - FIXED-LENGTH DATA ELEMENTS--GENERAL INFORMATION
fixed length control field 140109b xxu||||| |||| 00| 0 eng d
245 ## - TITLE STATEMENT
Title Brainwave /
Statement of responsibility, etc edited by Sasikanth C.
260 ## - PUBLICATION, DISTRIBUTION, ETC. (IMPRINT)
Place of publication, distribution, etc Mumbai
Name of publisher, distributor, etc Amar Chitra Katha
Date of publication, distribution, etc 2013-
300 ## - PHYSICAL DESCRIPTION
Extent v.
Dimensions 24 cm (Pbk)
310 ## - CURRENT PUBLICATION FREQUENCY
Current publication frequency Monthly
700 ## - ADDED ENTRY--PERSONAL NAME
Personal name Sasikanth C., ed.
942 ## - ADDED ENTRY ELEMENTS (KOHA)
Source of classification or shelving scheme Dewey Decimal Classification
Item type Periodicals
Classification part S
Serial record 1
Holdings
Withdrawn status Lost status Source of classification or shelving scheme Damaged status Not for loan Collection code Home library Current library Date acquired Total Checkouts Full call number Date last seen Price effective from Koha item type
    Dewey Decimal Classification     Non-fiction D.B.Act.Division D.B.Act.Division 09/01/2014   S 09/01/2014 09/01/2014 Periodicals

© Delhi Public Library
Hit Counter
free hit counter